| 000 | 00403nam a2200133Ia 4500 | ||
|---|---|---|---|
| 008 | 211118s9999||||xx |||||||||||||| ||und|| | ||
| 082 |
_a894.8123 _bMAR-E |
||
| 100 | _aMarquez, Gabriel Garcia | ||
| 245 | 0 | _aEkaanthathayute Nooru Varshangal | |
| 260 |
_bD c Books _aKottayam _c1967 |
||
| 630 | _xMalayalam NovelsGeneral Stack | ||
| 650 |
_aMalayalam Literature _vMalayalam FictionMalayalam |
||
| 942 | _cBOOK | ||
| 999 |
_c97832 _d97832 |
||